000 00313nam a22001337a 4500
008 170828b xxu||||| |||| 00| 0 eng d
020 _a9780072388350
041 _aeng
080 _27 ED
_a070
100 _a39
101 _aMED
245 _aTHE ART OF PUBLIC SPEAKING
_cLUCAC.S.E
942 _2udc
_cBK
999 _c25159
_d25159